Real-time processing and analysis of cardiac signals using Android smartphones

Saved in:
Bibliographic Details
Main Author: Filipovič, Nemanja
Other Authors: Stojanovič, Radovan, Čaplánová, Anetta, 1967-
Format: Book Chapter
Language:English
Tags: Add Tag
No Tags, Be the first to tag this record!

MARC

LEADER 00000naa$a2200000$$$4500
001 0190323
005 20240502083441.7
041 0 |a eng 
044 |a ME 
245 1 0 |a Real-time processing and analysis of cardiac signals using Android smartphones  |c Nemanja Filipovič, Radovan Stojanovič, Anetta Čaplánová 
100 1 |a Filipovič, Nemanja 
700 1 |a Stojanovič, Radovan 
700 1 |a Čaplánová, Anetta, 1967-